00348nam a22000977a 4500082001600000100002500016245014500041260004400186300001200230563000800242 a346.73bNIA aNiazi, Samia Maqbool aThe Law of Insider Trading in Pakistan:ban analysis in the light of Indian, U.S. and European law in insider dealing /cSamia Maqbool Niazi aRawalpindi :bFederal Law House,c2007. a184 p.  aPB.